Drugie Największe Miasta w Stanach USA - Statystyki

Ogólne statystyki
  • Ten quiz został rozwiązany 13 razy
  • Średni wynik to 8 z 50
Statystyki odpowiedzi
Stany Miasta % Poprawnych
Floryda Miami
75%
Kalifornia San Diego
67%
Ohio Cleveland
58%
Teksas San Antonio
50%
Arizona Tucson
50%
Oklahoma Tulsa
42%
Luizjana Baton Rouge
33%
Delaware Dover
33%
Tennesee Memphis
33%
Pennsylwania Pittsburgh
33%
Minnesota Saint Paul
33%
Dakota Północna Bismarck
25%
Nowy Jork Buffalo
25%
Karolina Północna Raleigh
25%
Oregon Salem
25%
Wyoming Casper
17%
Kolorado Colorado Springs
17%
Karolina Południowa Columbia
17%
Alaska Fairbanks
17%
Nebraska Lincoln
17%
Wisconsin Madison
17%
Connecticut New Haven
17%
Georgia Columbus
8%
Michigan Grand Rapids
8%
Alabama Huntsville
8%
New Jersey Jersey City
8%
Kentucky Lexington
8%
Waszyngton Spokane
8%
Illinois Aurora
0%
Iowa Cedar Rapids
0%
Wirginia Chesapeake
0%
Arkansas Fayatteville
0%
Indiana Fort Wayne
0%
Maryland Frederick
0%
Mississippi Gulfport
0%
Nevada Henderson
0%
Wirginia Zachodnia Huntigton
0%
Nowy Meksyk Las Cruces
0%
Maine Lewiston
0%
Idaho Meridian
0%
Montana Missoula
0%
New Hampshire Nashua
0%
Kansas Overland Park
0%
Dakota Południowa Rapid City
0%
Missouri Saint Luis
0%
Vermont South Burlington
0%
Hawaje Waipahu
0%
Rhode Island Warwick
0%
Utah West Valley City
0%
Massachussetts Worcester
0%
Nie znaleziono quizów pasujących do podanych kryteriów
Rozkład punktacji
Procent ludzi z każdym wynikiem
Percentyl według liczby udzielonych odpowiedzi
Twoja historia wyników
Nie rozwiązałeś tego quizu